Umrel významný predstaviteľ slovenskej maľby Alojz Klimo

Bibliographic Details
Format: Article
Language:Slovak
Subjects:

MARC

LEADER 00000nab a2200000 a 4500
001 vtls000736675
003 SK-MaSNL
005 20260302193147.0
008 160322c2000 xo 0 slo
015 |a SNBRB2000/11-26676 
035 |a CLN000088542 
040 |a SNKBUCL  |b slo  |c SNKBUCL  |e AACR2 
041 0 |a slo 
044 |a xo  |c SK 
080 |a 75.071.1  |2 UDC-MRF-SK2 
080 |a 929 Klimo, Alojz  |2 UDC-MRF-SK2 
245 0 0 |a Umrel významný predstaviteľ slovenskej maľby Alojz Klimo 
600 1 7 |a Klimo, Alojz,  |d 1922-2000  |2 snkbucl  |9 96168 
655 7 |a články z novín a časopisov  |2 snkbucl  |9 267496 
773 0 |x 1335-4698  |t Slovenská republika  |g Roč. 8, č. 241 (19.10.2000), s. 10 
850 |a Slovenská národná knižnica v Martine 
852 |a SNK  |b KIS3GCP 
958 |a BX 
958 |a RBX 
999 |c 1443513  |d 1445443